000 00531nam a2200181 i 4500
001 87028
003 ES-MaACL
005 20230906175557.0
007 t|
008 041217s1978 sp ||||1| spa d
100 1 _aKormondy, Edward J.
_968598
245 1 0 _aConceptos de Ecología /
_cEdward J. Kormondy ; versión, Mª Carmen Téllez.
250 _a[3ª ed.].
260 _a[Madrid] :
_bAlianza,
_c[1978]
300 _a248 p. ;
_c20 cm.
700 1 _aTéllez, María del Carmen.
_9109634
852 _aES-MaACL
_jA-9822
_bR.98602
999 _c87028
_d87028